Моралната карта на България (Запис номер 381162)
[ съкратено ]
| 000 -Лидер | |
|---|---|
| Контролно поле с фиксирана дължина | 01413nam a2200337 a 4500 |
| 003 - Код на организацията, давaща контролен номер | |
| Контролно поле | BLK |
| 005 - Дата и час на последна редакция | |
| Контролно поле | 20240826112448.0 |
| 008 - Елементи от данни с фиксирана дължина | |
| fixed length control field | 180408b bul|||||r ||||||| ||bul|| |
| 020 ## - Международен стандартен номер на книга ISBN | |
| Международен стандартен номер на книга ISBN | 9789540900629 |
| 040 ## - Източник на каталожния запис | |
| Идентификатор на билиотеката - собственик на записа | BLK |
| 041 ## - Код за език | |
| Код за езика на текст/звукозапис или на отделно заглавие | Български |
| Код за езика КДБФ | Български |
| 080 ## - УДК | |
| Текстов определител УДК | Социално поведение. Социална психология |
| УДК код - определител по УДК | 316.6 |
| УДК определител | (=867) |
| УДК - код + определител | 316.6(=867) |
| 080 ## - УДК | |
| Текстов определител УДК | Психология на расата. Народопсихология |
| УДК код - определител по УДК | 159.922.4 |
| УДК определител | (=867) |
| УДК - код + определител | 159.922.4(=867) |
| 080 ## - УДК | |
| Текстов определител УДК | Обществен живот. Народен бит |
| УДК код - определител по УДК | 394 |
| УДК определител | (497.2) |
| УДК - код + определител | 394(497.2) |
| 100 1# - Редна дума - Автор | |
| Автор | Хаджийски, Иван Минков |
| Авторска отговорност | първи автор |
| R(LIN) | 372034 |
| 139 ## - Редно поле | |
| Редна дума | Хаджийски, Иван Минков |
| Авторски знак | Хаджи - Х 15 |
| 245 10 - Сведения за заглавието | |
| Заглавие | Моралната карта на България |
| Редно поле (дума) | Иван Минков Хаджийски. |
| 257 ## - Страна на издаване | |
| Страна на създаване/издаване | България |
| 260 ## - Област на издателските данни | |
| Име на издателя, разпространителя и проч. | Захарий Стоянов |
| Година на издаване | 2018 |
| Място на издаване, разпространение и проч. | София |
| 300 ## - Физическа характеристика | |
| Страници | 692 с. |
| Размери/Мащаб | 20 см |
| 380 ## - Жанр | |
| Жанр | Обществени науки |
| 490 1# - СЕРИИ (Колекции) | |
| Име на серия | Поредица Българска класика |
| 650 #4 - Допълнително описание по предмет – тема | |
| Основно описание – тема или топоним | Българи - бит - психологични проблеми |
| 9 (RLIN) | 292477 |
| 650 #4 - Допълнително описание по предмет – тема | |
| Основно описание – тема или топоним | Българи - народопсихология |
| 9 (RLIN) | 252308 |
| 653 ## - Ключова дума – ненормативна | |
| Ключова дума | народопсихология |
| 653 ## - Ключова дума – ненормативна | |
| Ключова дума | бит |
| 653 ## - Ключова дума – ненормативна | |
| Ключова дума | българи |
| 999 ## - СИСТЕМНИ КОНТРОЛНИ НОМЕРА | |
| Koha biblionumber | 381162 |
| Koha biblioitemnumber | 381162 |
| 942 ## - АРТИКУЛИ | |
| Вид на библиотечния материал | Книги |
| Скрит в OPAC | Не |
| Периодичен библиозапис | Да |
| Koha issues (borrowed), all copies | 3 |
| 999 ## - СИСТЕМНИ КОНТРОЛНИ НОМЕРА | |
| Koha biblioitemnumber | 381162 |
| 944 ## - СЪЗДАВАНЕ И РЕДАКЦИЯ на ЗАПИСА | |
| Служител, извършил регистрацията/редакцията | 30575 |
| Статус, дата на статуса | Мартин Енчев |
| Код за отписване | Код за изгубен артикул | Източник на класификационната схема | Код за повреда | Коз за рестрикции | Код за отдаване | Артикулен № | Име на библиотеката - собственик | Име на библиотеката, в която се намира в момента | Статус (Текущо местоположение) | Дата на вписване в системата | Местоположение - отдел | Цена в лева | Систематично азбучна сигнатура | Баркод | Цена в евро | Служебен тип на артикула |
|---|---|---|---|---|---|---|---|---|---|---|---|---|---|---|---|---|
| Не е изгубен | Universal Decimal Classification | Не е повреден | без рестрикции | заемане за дома | 799051 | Регионална библиотека "Любен Каравелов" Русе | Регионална библиотека "Любен Каравелов" Русе | Заемна - подръчен фонд | 2020-09-16 | Заемна - подръчен фонд | 21.00 | 316.6/Х 15 И | 120000846418 | 10.74 | Книги | |
| Не е изгубен | Universal Decimal Classification | Не е повреден | без рестрикции | заемане за дома | 799052 | Регионална библиотека "Любен Каравелов" Русе | Регионална библиотека "Любен Каравелов" Русе | Заемна - подръчен фонд | 2020-09-16 | Заемна - подръчен фонд | 21.00 | 316.6/Х 15 И | 120000846419 | 10.74 | Книги |